000 00735nam a2200313Ia 4500
001 31666
003 97489
005 20250226071156.0
008 ||||||n9999 ||| || ||
020 _a9586060284
041 _aspa
082 _219
_a339
245 0 _aApertura economica y economia campesina
260 _aBogotá :
_bSiglo Veintiuno Editores,
_c1991.
300 _a197p
562 _e2
650 0 _aApertura económica
_924753
650 0 _aDesarrollo rural
_97414
650 0 _aMacroeconomía
_95509
650 _aMODELOS DE DESARROLLO
_95901
942 _cBKM
999 _c31666
_d31666
526 _a116204
526 _a4969
526 _a19790
526 _a104436
526 _a5144
526 _a51868
526 _a1697